American Society of Mechanical Engineers : boiler and pressure vessel code 1965 : including addenda up to June 31, 1966

Uloženo v:
Podrobná bibliografie
Médium: Kniha
Jazyk:angličtina
Vydáno: New York : American Society of Mechanical Engineers, 1966
Témata:
On-line přístup: Získat plný text
Tagy: Přidat tag
Žádné tagy, Buďte první, kdo vytvoří štítek k tomuto záznamu!

MARC

LEADER 00000cam a2200000 4500
003 SK-BrCVT
005 20220617224422.0
008 070906s1966 xxu e ||||||eng d
035 |a CVTIDW1424124 
040 |b slo  |a CVTI SR  |e AACR2 
041 0 |a eng 
044 |a xxu 
080 |a 621.18  |2 UDC-MRF 
080 |a 621.165  |2 UDC-MRF 
245 1 0 |a American Society of Mechanical Engineers :  |b boiler and pressure vessel code 1965 : including addenda up to June 31, 1966 
260 |a New York :  |b American Society of Mechanical Engineers,  |c 1966 
300 |a 30 s. 
500 |a Fall 1966 publications catalog 
653 1 |a kotol  |a tlaková nádoba 
655 4 |a informačný materiál 
910 |b A200749 
974 |f Knihy 
992 |a AIM 
999 |c 157098  |d 157098